Transcendental methods in algebraic geometry : (Record no. 25786)

MARC details
000 -LEADER
fixed length control field 01319cam a2200349 i 4500
001 - CONTROL NUMBER
control field 2582015
003 - CONTROL NUMBER IDENTIFIER
control field EG-ScBUE
005 - DATE AND TIME OF LATEST TRANSACTION
control field 20240822095027.0
008 - FIXED-LENGTH DATA ELEMENTS--GENERAL INFORMATION
fixed length control field 961107t1996 gw f b 000 0 eng d
020 ## - INTERNATIONAL STANDARD BOOK NUMBER
International Standard Book Number 3540620389
020 ## - INTERNATIONAL STANDARD BOOK NUMBER
International Standard Book Number 9783540620389
040 ## - CATALOGING SOURCE
Original cataloging agency DLC
Language of cataloging eng
Description conventions rda
Transcribing agency DLC
Modifying agency DLC
-- EG-ScBUE
082 04 - DEWEY DECIMAL CLASSIFICATION NUMBER
Classification number 510
Edition number 22
Item number TRA
245 00 - TITLE STATEMENT
Title Transcendental methods in algebraic geometry :
Remainder of title lectures given at the 3rd session of the Centro internazionale matematico estivo (C.I.M.E.) held in Cetraro, Italy, July 4-12, 1994 /
Statement of responsibility, etc J.-P. Demailly [and three others] ; editors, F. Catanese, C. Ciliberto.
264 #1 - PUBLICATION, DISTRIBUTION, ETC. (IMPRINT)
Place of publication, distribution, etc Berlin :
Name of publisher, distributor, etc Springer,
Date of publication, distribution, etc [1996]
264 #4 - PUBLICATION, DISTRIBUTION, ETC. (IMPRINT)
Date of publication, distribution, etc c1996
300 ## - PHYSICAL DESCRIPTION
Extent 258 pages ;
Dimensions 24 cm.
336 ## - CONTENT TYPE
Source rdacontent
Content type term text
Content type code txt
337 ## - MEDIA TYPE
Media type term unmediated
Source rdamedia
Media type code n
338 ## - CARRIER TYPE
Carrier type term volume
Carrier type code nc
Source rdacarrier
490 0# - SERIES STATEMENT
Series statement Lecture notes in mathematics ;
Volume number/sequential designation 1646
504 ## - BIBLIOGRAPHY, ETC. NOTE
Bibliography, etc Includes bibliographical references.
650 #7 - SUBJECT ADDED ENTRY--TOPICAL TERM
Topical term or geographic name as entry element Geometry, Algebraic.
Source of heading or term BUEsh
651 ## - SUBJECT ADDED ENTRY--GEOGRAPHIC NAME
Source of heading or term BUEsh
653 ## - INDEX TERM--UNCONTROLLED
Resource For college Generalities
Arrived date list December2017
655 ## - INDEX TERM--GENRE/FORM
Form subdivision Reading book
700 1# - ADDED ENTRY--PERSONAL NAME
Personal name Demailly, Jean-Pierre,
Relator term author.
700 1# - ADDED ENTRY--PERSONAL NAME
Personal name Catanese, F.
Fuller form of name (Fabrizio)
Relator term editor.
700 1# - ADDED ENTRY--PERSONAL NAME
Personal name Ciliberto, C.
Fuller form of name (Ciro),
Dates associated with a name 1950-
Relator term editor.
856 41 - ELECTRONIC LOCATION AND ACCESS
Materials specified Table of contents only
Uniform Resource Identifier <a href="http://www.loc.gov/catdir/enhancements/fy0815/96049601-t.html">http://www.loc.gov/catdir/enhancements/fy0815/96049601-t.html</a>
942 ## - ADDED ENTRY ELEMENTS (KOHA)
Source of classification or shelving scheme Dewey Decimal Classification
Koha item type Book - Borrowing
Holdings
Withdrawn status Lost status Source of classification or shelving scheme Damaged status Not for loan Collection code Home library Current library Shelving location Date acquired Source of acquisition Total Checkouts Full call number Barcode Date last seen Price effective from Koha item type
    Dewey Decimal Classification     Donation-Gift Central Library Central Library First floor 24/12/2017 Donation   510 TRA 000046989 15/07/2025 24/12/2017 Book - Borrowing